LIBRARY & INFORMATION CENTRE, KCAET, TAVANUR

ONLINE PUBLIC ACCESS CATALOGUE (OPAC)

Remote sensing and water management in command areas / (Record no. 10452)

MARC details
000 -LEADER
fixed length control field 00444cam a2200157ua 4500
003 - CONTROL NUMBER IDENTIFIER
control field OSt
008 - FIXED-LENGTH DATA ELEMENTS--GENERAL INFORMATION
fixed length control field 240213b |||||||| |||| 00| 0 eng d
020 ## - INTERNATIONAL STANDARD BOOK NUMBER
ISBN 81-85860-00-9
041 ## - LANGUAGE CODE
Language code of text/sound track or separate title eng
082 ## - DEWEY DECIMAL CLASSIFICATION NUMBER
Classification number 621.367 8
Item number GOV/RE
100 ## - MAIN ENTRY--AUTHOR NAME
Personal name Govardhan, Veerlapati .
245 ## - TITLE STATEMENT
Title Remote sensing and water management in command areas /
260 ## - PUBLICATION, DISTRIBUTION, ETC. (IMPRINT)
Place of publication Lucknow :
Name of publisher International book distributing co. ,
Year of publication 1993.
300 ## - PHYSICAL DESCRIPTION
Number of Pages 353 ; .
942 ## - ADDED ENTRY ELEMENTS (KOHA)
Koha item type Books
Holdings
Withdrawn status Lost status Damaged status Home library Current library Date acquired Full call number Accession Number Koha item type
      KAUAET KAUAET 07/04/2012 621.3678 GOV/RE 19733 Books
free website counter